000 01188nam a2200313 a 4500
001 ebr10680963
003 CaPaEBR
006 m u
007 cr cn|||||||||
008 081023s2009 nyuad sb 001 0 eng d
010 _z 2008045970
020 _z9781606923948 (hardcover)
020 _z1606923943 (hardcover)
020 _z9781617287725 (e-book)
040 _aCaPaEBR
_cCaPaEBR
035 _a(OCoLC)837527997
050 1 4 _aHF5415.32
_b.C6586 2009eb
082 0 4 _a658.8/342
_222
245 0 0 _aConsumer behavior
_h[electronic resource] /
_cFelix Saito, editor.
260 _aNew York :
_bNova Science Publishers,
_cc2009.
300 _axiv, 277 p. :
_bill. (some col.)
504 _aIncludes bibliographical references and index.
533 _aElectronic reproduction.
_bPalo Alto, Calif. :
_cebrary,
_d2013.
_nAvailable via World Wide Web.
_nAccess may be limited to ebrary affiliated libraries.
650 0 _aConsumer behavior.
655 7 _aElectronic books.
_2local
700 1 _aSaito, Felix.
710 2 _aebrary, Inc.
856 4 0 _uhttp://site.ebrary.com/lib/rucke/Doc?id=10680963
_zAn electronic book accessible through the World Wide Web; click to view
999 _c174195
_d174195